000 00974nam a2200265Ia 4500
008 130821s2007 sp gr spa
020 _a9788447028504
040 _aCo-BoUCM
_bspa
041 0 0 _aspa
050 _a4a. ed.
100 1 _aGuerras Martín, Luis Ángel
_9130520
245 1 3 _aLa dirección estratégica de la empresa teoría y aplicaciones
_cLuis Ángel Guerras Martín y José Emilio Navas López
260 _aNavarra (España)
_bThomson
_c2007
300 _a688 páginas
490 _aBiblioteca Civitas Economía y Empresa.
_aEconomía.
504 _aIncluye bibliografía
650 0 4 _aAdministración de empresas
_9435
650 0 4 _aDesarrollo
_912923
650 0 4 _aEstructura organizacional
_915152
650 0 4 _aPlanificación empresarial
_921660
650 0 4 _aPlanificación estratégica
_921662
700 1 _aNavas López, José Emilio
_9130519
942 _cLIBRO
_a16
_e1
_mN322d
_2DEWEY
_h658.4012
999 _c59084
_d59084